Viaje al centro de la tierra

Salvato in:
Dettagli Bibliografici
Autore principale: Verne, Julio (Autore)
Natura: Libro
Lingua:spagnolo
Pubblicazione: Bogotá Oveja negra 1984
Serie:Grandes aventuras, 12
Soggetti:
Tags: Aggiungi Tag
Nessun Tag, puoi essere il primo ad aggiungerne!!

MARC

LEADER 00000nam a2200000 a 4500
001 UCW5646
003 CL-VaPUC
008 910715e19840000CK |||||||||||||||||spa|d
082 0 4 |a 843  |b VER  |2 21 
100 0 |a Verne, Julio  |e author  |9 310609 
245 1 0 |a Viaje al centro de la tierra 
300 |a 196 p 
942 |c BK 
945 |d 19910715 00:00:00 
260 |a Bogotá  |b Oveja negra  |c 1984 
650 0 |a Novela francesa  |9 264985 
583 |a last modification  |c 19910715 00:00:00  |k Rodrigo Vera 
490 0 |a Grandes aventuras, 12 
999 |c 219000  |d 218998 
952 |0 0  |1 0  |4 0  |6 843_000000000000000_VER_1984  |7 0  |8 A  |9 209427  |a BIBEDU  |b BIBEDU  |d 2019-11-15  |i 277299K  |o 843 VER 1984  |p 277299K  |r 2019-11-15  |w 2019-11-15  |y BK  |k EDU